| 000 | 00395nam a22001697a 4500 | ||
|---|---|---|---|
| 999 |
_c2562 _d2561 |
||
| 005 | 20211217141442.0 | ||
| 008 | 160613b xxu||||| |||| 00| 0 eng d | ||
| 020 | _a81-203-2949-X | ||
| 041 | _aeng | ||
| 082 | _b7301 | ||
| 100 |
_aWeiss, Edmond H _91823 |
||
| 245 | _aThe Elements of international English style | ||
| 260 | _bPHI | ||
| 300 | _a155 | ||
| 650 |
_aManagement _9241 |
||
| 942 | _cBK | ||